000 00454nam a2200181Ia 4500
001 20132
005 20260306172743.0
008 260306t2015||||xx |||||||||||||| ||spa||
041 _aESP
082 _a342.52
_bCH243
100 _aChehtman, Alejandro
_eAUT
245 0 _aProblemas estructurales de derecho penal internacional
260 _c2015
300 _a350 páginas :
_c23 cm.
650 _aGEN
654 _aCDE
942 _cLIB
_dJUS
_fJUS
_2ddc
_n
999 _c20132
_d20132